000 00696nam a2200289Ia 4500
005 20260121124528.0
008 008 260114s9999 xx 000 0 eng d
020 _a9781438470276
037 _aEBOOK
040 _aCRL
040 _beng
040 _cCRL
041 _2eng
041 _aeng
084 _qCRL
100 _aSchroeder, Brian
_9977527
245 0 _aThinking the Inexhaustible
260 _bWalter de Gruyter
260 _bWalter de Gruyter
260 _c2018
650 _aPhilosophy
_9977528
700 _a Benso, Silvia
_9977529
856 _uhttp://www.degruyter.com/isbn/9781438470276
942 _cEBOOK
999 _c1555260
_d1555260